| 000 | 00440nam a22001697a 4500 | ||
|---|---|---|---|
| 003 | OSt | ||
| 008 | 250403b |||||||| |||| 00| 0 eng d | ||
| 020 | _a9789356227064 | ||
| 082 | _a651.7 SIB | ||
| 100 | _aSINHA, K.K. and MOHINDRA, Ruchi Sehgal | ||
| 245 | _aBusiness Communication | ||
| 250 | _a5th. ed., | ||
| 260 |
_aNew Delhi, _bTaxmann's Publications Pvt. Ltd. _c2023, |
||
| 300 | _a444 p. | ||
| 650 | _aCommerce | ||
| 942 |
_2ddc _cBK |
||
| 999 |
_c13233 _d13233 |
||